000 00675nam a2200277Ia 4500
001 Z_3295
003 CHAP
008 220113s1991 xx 000 0 und d
010 _a166404
040 _cCHAP
090 _aFolleto 378
100 _aFideicomisos Instituidos en Relación con la agricultura. México
_9139140
245 _aAbeja africanizada /
_cpor FIRA
260 _aMéxico, D. F. :
_bFIRA,
_c1991
300 _a43 p. ; ilus.
440 _aFIRA Boletín XXIII (225)
_9140484
500 _a
503 _a
650 _aApicultura
_96241
901 _aFolleto 378
902 _aA
910 _a1991
942 _cc14
942 _cc14
999 _c166404
_d166404